Personalidades y medio ambiente /
La visión de Joan M. Serrat sobre el cuidado del medio ambiente. La importancia de Chico Méndez en defensa de la selva amazónica. Su asesinato en manos de terratenientes madereros. Chernobyl. Plantas nucleares en Argentina.
Guardado en:
| Autor Corporativo: | |
|---|---|
| Formato: | |
| Series: | Planeta amigo
|
| Materias: | |
| Etiquetas: |
Agregar Etiqueta
Sin Etiquetas, Sea el primero en etiquetar este registro!
|
| LEADER | 00965ngm a22002415g 4500 | ||
|---|---|---|---|
| 001 | CEM.cems022517 | ||
| 008 | 130507b2000##################0###0#####d | ||
| 005 | 20241105165519.0 | ||
| 245 | 1 | 0 | |a Personalidades y medio ambiente / |c Educable. |
| 300 | |a 29'. | ||
| 490 | 0 | |a Planeta amigo | |
| 500 | |a En soporte VHS, consultar en ventanilla. | ||
| 520 | |a La visión de Joan M. Serrat sobre el cuidado del medio ambiente. La importancia de Chico Méndez en defensa de la selva amazónica. Su asesinato en manos de terratenientes madereros. Chernobyl. Plantas nucleares en Argentina. | ||
| 538 | |a Soporte: VHS - Norma: Pal N - Color: Si - Grabación DRD 2000 - Hitachi=3485 | ||
| 110 | 2 | |a Educable. | |
| 082 | 5 | 7 | |. 5/EDU |
| 653 | |a ECOLOGIA | ||
| 653 | |a MEDIO AMBIENTE | ||
| 653 | |a CONTAMINACION | ||
| 653 | |a PLANTAS NUCLEARES | ||
| 653 | |a NIVEL PRIMARIO | ||
| 653 | |a NIVEL SECUNDARIO | ||
| 859 | |a CEMS |b BIB. CEMS - Depto. Recursos Didacticos |h 574.5 |i EDU |k DRD |p 1160.12 |t Ej.1 | ||
